[Event "Bosnia GM"]
[Site "Sarajevo BIH"]
[Date "2002.05.23"]
[Round "2"]
[White "Sokolov,I"]
[Black "Dizdarevic,E"]
[Result "1-0"]
[WhiteElo "2647"]
[BlackElo "2526"]
[EventDate "2002.05.22"]

1. d4 d6 2. Nf3 g6 3. c4 Bg7 4. Nc3 Bg4 5. g3 Qc8 6. h3 Bd7 7. e4 Na6 8.
Bf4 c6 9. Bg2 Nc7 10. Qd2 Ne6 11. Be3 c5 12. d5 Nd8 13. Bf4 f6 14. Qe2 Nh6
15. g4 Nhf7 16. Nd2 O-O 17. Be3 e5 18. f3 Bh6 19. Bxh6 Nxh6 20. h4 Ndf7 21.
g5 fxg5 22. hxg5 Ng4 23. fxg4 Nxg5 24. Qe3 Rf4 25. Ne2 Rxg4 26. Bf3 Nxf3+
27. Nxf3 Qd8 28. O-O-O Qe7 29. Rdg1 Rf8 30. Ng5 h5 31. Ne6 Bxe6 32. dxe6
Qxe6 33. Rxg4 Qxg4 34. Rg1 Qe6 35. Nc3 Kh7 36. Nd5 Rf7 37. Qg5 Rf8 38. Kb1
Rf7 39. a4 b6 40. Ka1 Rf3 41. Ne7 Rf6 42. Nf5 1-0

[Event "Bosnia GM"]
[Site "Sarajevo BIH"]
[Date "2002.05.25"]
[Round "4"]
[White "Shirov,A"]
[Black "Georgiev,Ki"]
[Result "1/2-1/2"]
[WhiteElo "2704"]
[BlackElo "2654"]
[EventDate "2002.05.22"]

1. e4 e5 2. Nf3 Nc6 3. Bb5 Nf6 4. O-O Nxe4 5. d4 Nd6 6. dxe5 Nxb5 7. a4
Nbd4 8. Nxd4 Nxd4 9. Qxd4 d5 10. exd6 Qxd6 11. Qe3+ Be7 12. Nc3 c6 13. Re1
Be6 14. Ne4 Qe5 15. Bd2 O-O 16. Bc3 Qf5 17. Qg3 Qg6 18. Qc7 Bd5 19. Qxe7
Rae8 20. Qg5 1/2-1/2

[Event "Bosnia GM"]
[Site "Sarajevo BIH"]
[Date "2002.05.25"]
[Round "4"]
[White "Kozul,Z"]
[Black "Kurajica,B"]
[Result "0-1"]
[WhiteElo "2595"]
[BlackElo "2555"]
[EventDate "2002.05.22"]

1. d4 Nf6 2. c4 e6 3. Nf3 Bb4+ 4. Nbd2 O-O 5. a3 Bxd2+ 6. Bxd2 b6 7. Bg5
Bb7 8. e3 d6 9. Bd3 Nbd7 10. O-O c5 11. Rc1 Qc7 12. Nd2 Rac8 13. b4 Qb8 14.
f3 a6 15. Bh4 d5 16. Bg3 Qa7 17. dxc5 bxc5 18. Re1 cxb4 19. axb4 dxc4 20.
Nxc4 Rfd8 21. Bf2 Qb8 22. e4 Bc6 23. Qb3 Bb5 24. Bf1 Rc6 25. Na5 Rxc1 26.
Rxc1 Ne5 27. Bxb5 Qxb5 28. Qc3 h6 29. h3 Nh5 30. Qc5 Qb8 31. Qc7 Qxc7 32.
Rxc7 Rd1+ 33. Kh2 Rd2 34. Kg1 Nf4 35. Be3 Rxg2+ 36. Kf1 Rg3 37. Ke1 Ng2+
38. Kd2 Nxf3+ 39. Ke2 Rxh3 40. Ra7 Ng5 41. Bc1 Nxe4 42. Rxa6 Nc3+ 43. Kf2
Nh4 44. Ra8+ Kh7 45. Rb8 Rf3+ 46. Ke1 g5 47. Nc6 Ng2+ 48. Kd2 Ne4+ 49. Kd1
Rd3+ 50. Ke2 Rc3 51. Ne5 Rxc1 52. Kf3 Nh4+ 0-1

[Event "Bosnia GM"]
[Site "Sarajevo BIH"]
[Date "2002.05.26"]
[Round "5"]
[White "Dizdarevic,E"]
[Black "Kozul,Z"]
[Result "0-1"]
[WhiteElo "2526"]
[BlackElo "2595"]
[EventDate "2002.05.22"]

1. c4 g6 2. Nc3 Bg7 3. g3 e5 4. Bg2 d6 5. d3 Nc6 6. Rb1 a5 7. a3 f5 8. e3
Nf6 9. Nge2 O-O 10. b3 Ne7 11. e4 c6 12. O-O f4 13. gxf4 Nh5 14. fxe5 dxe5
15. Na4 Nf4 16. Nxf4 exf4 17. d4 Bxd4 18. Bb2 Bxb2 19. Rxb2 Qc7 20. Rd2 Rb8
21. Re1 b5 22. Nc5 bxc4 23. Bf1 c3 24. Bc4+ Kg7 25. Rd6 Kh6 26. Qd4 c2 27.
Qe5 Bh3 28. Rc1 Rbd8 29. Qc3 f3 30. Qd2+ Kh5 31. e5 Nf5 32. Ne4 Qe7 33.
Ng3+ Nxg3 34. hxg3 Bf5 35. Qe3 0-1

[Event "Bosnia GM"]
[Site "Sarajevo BIH"]
[Date "2002.05.27"]
[Round "6"]
[White "Kurajica,B"]
[Black "Dizdarevic,E"]
[Result "1/2-1/2"]
[WhiteElo "2555"]
[BlackElo "2526"]
[EventDate "2002.05.22"]

1. d4 d5 2. c4 c6 3. cxd5 cxd5 4. Nc3 Nc6 5. Nf3 Nf6 6. e3 Bg4 7. Be2 e6 8.
Qb3 Rb8 9. O-O Bb4 10. Bd2 O-O 11. a3 Bxc3 12. Bxc3 Qd7 13. Rfc1 Rfc8
1/2-1/2

[Event "Bosnia GM"]
[Site "Sarajevo BIH"]
[Date "2002.05.28"]
[Round "7"]
[White "Dizdarevic,E"]
[Black "Smirin,I"]
[Result "1-0"]
[WhiteElo "2526"]
[BlackElo "2685"]
[EventDate "2002.05.22"]

1. Nf3 Nf6 2. g3 g6 3. b3 Bg7 4. Bb2 d6 5. d4 c5 6. Bg2 cxd4 7. Nxd4 d5 8.
c4 e5 9. Nc2 d4 10. e3 Bg4 11. Qd2 Nc6 12. exd4 exd4 13. O-O O-O 14. f3 d3
15. Ne3 Qb6 16. Nc3 Rfe8 17. Rae1 Bh6 18. Ncd1 Nd4 19. fxg4 Nxg4 20. Kh1
Nxe3 21. Rxe3 Rxe3 22. Nxe3 Nf5 23. Qc3 Bg7 24. Nd5 Bxc3 25. Nxb6 Bxb2 26.
Nxa8 Ne3 27. Rf2 Bc3 28. Bf3 Be1 29. Rb2 g5 30. Nc7 g4 31. Nd5 Nxd5 32.
Bxd5 1-0

[Event "Bosnia GM"]
[Site "Sarajevo BIH"]
[Date "2002.05.29"]
[Round "8"]
[White "Dizdarevic,E"]
[Black "Georgiev,Ki"]
[Result "1/2-1/2"]
[WhiteElo "2526"]
[BlackElo "2654"]
[EventDate "2002.05.22"]

1. Nf3 Nf6 2. g3 b6 3. Bg2 Bb7 4. c4 c5 5. O-O e6 6. b3 Be7 7. Bb2 O-O 8.
Nc3 d6 9. e3 Nbd7 10. Qe2 Re8 11. Rfd1 a6 12. Qf1 Qc7 13. d4 Rad8 14. Rac1
Qb8 15. dxc5 bxc5 16. Ne1 Nb6 17. Bxb7 Qxb7 18. Qg2 Qc7 19. Ne4 Nfd7 20.
Nd3 Rb8 21. Rc2 a5 22. Nc3 a4 23. Nb5 Qb7 24. Qxb7 Rxb7 25. e4 Ra8 26. Nc1
Nc8 27. Ne2 g6 28. Kg2 Ra6 29. Nec3 axb3 30. axb3 Nb8 31. Ra1 Rbb6 32. Na4
Rb7 33. Nac3 Kf8 34. Rcc1 Rbb6 35. Na4 Rb7 36. Nac3 Ke8 37. f4 Rxa1 38.
Rxa1 Nc6 39. Ne2 f5 40. exf5 gxf5 41. Nc1 h5 42. Bc3 N6a7 43. Nxa7 Nxa7 44.
h3 Nc6 45. Ra8+ Bd8 46. Kf3 e5 47. fxe5 dxe5 48. g4 hxg4+ 49. hxg4 Rh7 50.
gxf5 Rh3+ 51. Ke4 Rxc3 52. Nd3 Rxb3 53. Nxc5 Rb1 54. Kd5 Nb8 55. Kxe5 Kf7
56. Ra7+ Be7 57. Rc7 Rb6 58. Kf4 Na6 59. Nxa6 Rxa6 60. Ke5 Ke8 61. Rb7 Kd8
62. Kd5 Rd6+ 63. Ke5 Rd1 64. Ke6 Rd6+ 65. Ke5 Rh6 66. Kd5 Ra6 67. Ke5 Bh4
68. Kd5 Bg3 69. Rg7 Rd6+ 70. Kc5 Be5 71. Rg6 Rd7 72. Kc6 Rf7 73. Rg8+ Ke7
74. Rg5 Bf4 75. Rh5 Kf6 76. c5 Re7 77. Rh8 Re5 78. Rd8 Re1 79. Rd5 Ra1 80.
Kb6 Ra8 81. c6 Be3+ 82. Kb7 Ra7+ 83. Kb8 Re7 84. c7 Bf4 85. Rc5 Bg3 86. Rc3
Be5 87. Rc5 1/2-1/2

[Event "Bosnia GM"]
[Site "Sarajevo BIH"]
[Date "2002.05.30"]
[Round "9"]
[White "Sokolov,I"]
[Black "Kozul,Z"]
[Result "1-0"]
[WhiteElo "2647"]
[BlackElo "2595"]
[EventDate "2002.05.22"]

1. d4 Nf6 2. c4 g6 3. Nc3 Bg7 4. e4 d6 5. Bd3 O-O 6. Nge2 c6 7. O-O e5 8.
d5 cxd5 9. cxd5 Nbd7 10. a3 Ne8 11. Be3 f5 12. exf5 gxf5 13. f4 Ndf6 14. h3
e4 15. Bc4 Kh8 16. Ng3 Rg8 17. Bd4 Qe7 18. Rf2 Nc7 19. Nf1 Qf7 20. Ne3 h5
21. Rc2 Bd7 22. Be2 Nce8 23. Rac1 Kh7 24. a4 a6 25. b3 Qg6 26. Bf1 h4 27.
Qe1 Qh6 28. Ne2 Rb8 29. Ba7 Rd8 30. Bb6 Ra8 31. Nd4 Kg6 32. Rf2 Nh5 33. Be2
Ng3 34. Ne6 Bf6 35. Bd1 Qh7 36. b4 Rc8 37. Rxc8 Bxc8 38. Bb3 Qh8 39. Qd1
Bd7 40. Nc4 Bc3 41. Bd4 Bxd4 42. Nxd4 b5 43. axb5 Bxb5 44. Ne3 Nf6 45. Bc4
Rc8 46. Bxb5 axb5 47. Nc6 Rc7 48. Qa1 Qg7 49. Rc2 Nfh5 50. Qa8 Nxf4 51. Kh2
Rf7 52. Ra2 Rf8 53. Qa7 Qxa7 54. Rxa7 Nd3 55. Rd7 Ra8 56. Rxd6+ Kg5 57. Nc2
f4 58. Nd8 Ra2 59. Nf7+ 1-0

[Event "Bosnia GM"]
[Site "Sarajevo BIH"]
[Date "2002.05.30"]
[Round "9"]
[White "Shirov,A"]
[Black "Movsesian,S"]
[Result "0-1"]
[WhiteElo "2704"]
[BlackElo "2624"]
[EventDate "2002.05.22"]

1. d4 Nf6 2. c4 c6 3. Nc3 d5 4. Nf3 a6 5. Bg5 Ne4 6. Bf4 Nxc3 7. bxc3 dxc4
8. g3 b5 9. Bg2 Bb7 10. Ne5 Qc8 11. Rb1 Nd7 12. Nxc4 bxc4 13. O-O e6 14.
Qa4 Ra7 15. Be3 c5 16. Bf4 Be7 17. dxc5 Bxc5 18. Rfd1 Ke7 19. Rxd7+ Qxd7
20. Qxd7+ Kxd7 21. Bxb7 f6 22. Bf3 e5 23. Be3 Bxe3 24. fxe3 Kc7 25. Rb4 Rc8
26. Bg4 Rb8 27. Rxc4+ Kd6 28. Bf3 Rb6 29. Ra4 a5 30. Kf2 Rb2 31. g4 Rc2 32.
c4 Kc5 33. Bd5 Rb2 34. a3 Rc2 35. Kf3 g6 36. h3 Rc3 37. h4 f5 38. gxf5 gxf5
39. Kf2 h6 40. h5 Kb6 41. Be6 Rc7 42. Ke1 f4 43. exf4 exf4 44. Bd5 Rc5 45.
Kd2 Re3 46. Bf3 Kc7 47. Bd5 Kd6 48. Bb7 Rxh5 49. Ba6 Rb3 50. c5+ Rxc5 51.
Rxf4 h5 52. Ra4 Rg3 53. Rh4 Rxa3 54. Bb7 Rb3 55. Bf3 Rb4 0-1